seigneur des anneaux tous les personnages - Statistiques

Statistiques générales
  • Ce quiz a été pris 4 288 fois
  • Le résultat moyen est 20 sur 27
Statistiques - réponses
Hint Réponse % Correct
Communauté Frodon
98%
Gandalf
98%
Legolas
98%
Sam
98%
Aragorn
97%
Pippin
95%
Gimli
94%
Sauron
94%
Boromir
93%
Merry
93%
antagonistes Saroumane
92%
Hobbits Bilbon
86%
Faramir
85%
Galadriel
85%
Elfes Elrond
84%
Rohan Theoden
77%
Arwen
76%
Gollum / Smeagol
74%
Eowyn
70%
Eomer
67%
Gondor Denethor
56%
Roi sorcier d'angmar
52%
Grima / Langue de serpent
46%
Celeborn
39%
Deagol
31%
autre Sylvebarbe
31%
Haldir
30%
Aucun quiz correspondant
Distribution des résultats
% des personnes avec chaque résultat
Percentile par nombre de réponses
Votre historique - résultats
Vous n’avez pas pris ce quiz